Spell the Marvel Hero #12 - Statistics

General Stats
  • This quiz has been taken 19 times
  • The average score is 7 of 10
Answer Stats
Picture Answer % Correct
Iron Fist
94%
Red Hulk
89%
Ant-Man
83%
Thor (Jane Foster)
83%
Echo
78%
Big Bertha
56%
Bishop
56%
Blink
56%
Genis-Vell
56%
Honey Badger
44%
No matching quizzes found
Score Distribution
Percent of People with Each Score
Percentile by Number Answered
Your Score History
You have not taken this quiz